| 000 | 01526cam a22001934a 4500 | ||
|---|---|---|---|
| 005 | 20260113105139.0 | ||
| 008 | 250528s ||||||||||||||||||||||||d | ||
| 035 | _a18960 | ||
| 020 | _a960235545 | ||
| 040 |
_aGR-AtMCL _bgre _dGR-AtMCL _eAACR2 |
||
| 245 | 1 | _aΤα Όρια της Ερμηνείας / Δεύτερη Έκδοση | |
| 260 |
_bΓνώση, _c1993 |
||
| 300 | _a448 | ||
| 520 | _aΠολεμική επίθεση σε πολλές πρακτικές ''αποδόμησης'', το βιβλίο μπορεί να νοηθεί ως αλλαγή πορείας σε σχέση με το Opera Aperta που, τριάντα χρόνια πρίν, ευνοούσε προκλητικά την πρόσληψη και την ερμηνεία. Εισαγωγή, Intentio Lectoris - Σημειώσεις για τη Σημειωτική της Πρόσληψης, Όψεις της Ερμητικής Σημείωσης, Δύο Πρότυπα Ερμηνείας, Το Έργο της Ερμηνείας, Κριτήρια Οικονομίας, Μικροί Κόσμοι, Οι Συνθήκες της Ερμηνείας, Οι Ελάχιστες συνθήκες της Ερμηνείας, Σημασιολογία και Πραγματολογία και Σημειωτική του Κειμένου, Περί Προϋπόθεσης, Απεριόριστη Σημείωση και Περιπλάνηση, Συμεράσματα. | ||
| 700 | 1 |
_aEco, Umberto _95242 |
|
| 942 | _cBK | ||
| 999 |
_c4256 _d4256 |
||